Statistiques concernant Quiz sur les Seychelles

Cliquez ici pour prendre le quiz!

Statistiques générales

  • Ce quiz a été pris 1 676 fois
  • Le résultat moyen est 12 sur 18

Statistiques - réponses

QuestionRéponse% Correct
Langues officiellesAnglais
97%
Océan dans lequel les Seychelles se situentOcéan Indien
97%
Langues officiellesFrançais
90%
Religion la plus pratiquéeCatholicisme
89%
Pays le plus procheMadagascar
88%
Les Seychelles sont aussi le pays le plus ____
de ce continent, devant Sao Tomé-et-Principe
Petit
84%
Secteur qui compte pour la moitié du PIB seychelloisTourisme
84%
Idéologie que les Seychelles suivaient à cette époqueSocialisme
79%
Les Seychelles sont le pays d'Afrique où les habitants
sont les plus ____ en moyenne, devant Maurice
Riches
78%
Capitale et plus grande villeVictoria
77%
Explorateur portugais qui a découvert les Seychelles en 1503Vasco de Gama
71%
Langues officiellesCréole Seychellois
60%
On trouve aux Seychelles les ____ les plus lourdes du monde,
ces animaux pouvant peser jusqu'à 300 kilogrammes
Tortues
60%
Produit alimentaire qui représente 82% des exportations du paysPoisson
46%
Devise monétaireRoupie
34%
Plus grande îleMahé
28%
43 mercenaires de ce pays ont tenté un coup d'état contre lui en 1981Afrique du Sud
23%
Président qui dirigeait le pays de 1977 à 2004France-Albert René
15%

Distribution des résultats

Percentile par nombre de réponses

% des personnes avec chaque résultat

Votre développement - résultats

Vous n’avez pas pris ce quiz